• 首页
  • 本馆介绍
  • 公告通知
  • 最新文献
  • 馆藏检索
  • 电子资源
  • 读者导购
  • 参考咨询
  • 我的图书馆
  • 登录
  • 详细信息显示
  • 放入我的书架
  • 预约/预借图书
  • 作者相关作品
  • 分类相关作品
  • 丛书相关作品
  • 出版社相关作品

书目信息

  • 表格格式
  • 工作单格式
  • 卡片格式
题名:
电子对抗原理与技术
    
 
作者: 周一宇 编著
分册:  
出版信息: 北京   电子工业出版社  2014.8
页数: 253页
开本: 26cm
丛书名:
单 册:
中图分类: TN97
科图分类:
主题词: 电子对抗--高等学校--教材
电子资源:
ISBN: 978-7-121-24006-5
000 01202nam0 2200277 450
001 0400002387
005 20171021083641.0
010    @a978-7-121-24006-5@dCNY39.00
100    @a20140912e20172014em y0chiy50 ea
101 0  @achi
102    @aCN@b110000
105    @aa z 000yy
106    @ar
200 1  @a电子对抗原理与技术@9dian zi dui kang yuan li yu ji shu@f周一宇[等]编著
210    @a北京@c电子工业出版社@d2014.8@h2017.8
215    @a253页@c图@d26cm
300    @a高等学校工程创新型“十二五”规划教材 电子信息科学与工程类
304    @a编著者还有:安玮、郭福成、柳征、姜文利
312    @a封面英文题名:Principles and technologies of electronic warfare system
330    @a本书系统介绍了电子对抗的基本原理、技术、系统与应用等内容,全书共分8章,包括电子对抗的历史、概念和发展,电子侦察信号截获原理和测频接收机技术,无源测向和辐射源定位技术,信号处理技术及侦察系统,电子干扰原理和技术,电子干扰系统,隐身与反辐射武器硬摧毁技术,电子防护技术。
510 1  @aPrinciples and technologies of electronic warfare system@zeng
606 0  @a电子对抗@x高等学校@j教材
690    @aTN97@v5
701  0 @a周一宇@9zhou yi yu@4编著
801  0 @aCN@b91MARC@c20171021
905    @b1027021-5@dTN97@f5@e26
    
    电子对抗原理与技术/周一宇[等]编著.-北京:电子工业出版社,2014.8(2017.8)
    253页:图;26cm
    高等学校工程创新型“十二五”规划教材 电子信息科学与工程类
    
    ISBN 978-7-121-24006-5:CNY39.00
    本书系统介绍了电子对抗的基本原理、技术、系统与应用等内容,全书共分8章,包括电子对抗的历史、概念和发展,电子侦察信号截获原理和测频接收机技术,无源测向和辐射源定位技术,信号处理技术及侦察系统,电子干扰原理和技术,电子干扰系统,隐身与反辐射武器硬摧毁技术,电子防护技术。
●
相关链接 在E读中查询图书 在五车中查询图书 在当当中查询图书 在豆瓣中查询图书


正题名:电子对抗原理与技术     索取号:TN97/26         预约/预借

序号 登录号 条形码 馆藏地/架位号 状态 备注
1 1027021   210270213   第二样本阅览室/ [索取号:TN97/26] 在馆    
2 1027022   210270222   密集书库—计算机科学学院/ [索取号:TN97/26] 在馆    
3 1027023   210270231   第三借阅区/ [索取号:TN97/26] 在馆    
4 1027024   210270240   第三借阅区/ [索取号:TN97/26] 在馆    
5 1027025   210270259   第三借阅区/ [索取号:TN97/26] 在馆    
唐山师范学院图书馆 欢迎您!
大连网信软件有限公司© 版权所有